Анализ электроснабжения собственных нужд ГЭС мощностью 6400 МВт; Проблемы геологии и освоения недр; Т. 2

Bibliografiska uppgifter
Parent link:Проблемы геологии и освоения недр=Problems of Geology and Subsurface Development: труды XXVI Международного симпозиума имени академика М. А. Усова студентов и молодых учёных, посвященный 90-летию со дня рождения Н. М. Рассказова, 120-летию со дня рождения Л. Л. Халфина, 50-летию научных молодежных конференций имени академика М. А. Усова, Томск, 4-8 апреля 2022 г./ Национальный исследовательский Томский политехнический университет, Инженерная школа природных ресурсов ; гл. ред. А. С. Боев ; под ред. Е. Ю. Пасечник.— , 2022
Т. 2.— 2022.— [С. 101-103]
Huvudupphovsman: Головкин В. В.
Institutionell upphovsman: Национальный исследовательский Томский политехнический университет Инженерная школа энергетики Отделение электроэнергетики и электротехники
Övriga upphovsmän: Космынина Н. М. Нина Михайловна (научный руководитель)
Sammanfattning:Заглавие с экрана
Språk:ryska
Publicerad: 2022
Serie:Энергосбережение, автоматизация объектов нефтегазовой промышленности
Ämnen:
Länkar:http://earchive.tpu.ru/handle/11683/74003
Materialtyp: MixedMaterials Elektronisk Bokavsnitt
KOHA link:https://koha.lib.tpu.ru/cgi-bin/koha/opac-detail.pl?biblionumber=635062

MARC

LEADER 00000naa2a2200000 4500
001 635062
005 20240219161303.0
035 |a (RuTPU)RU\TPU\conf\36908 
035 |a RU\TPU\conf\36907 
090 |a 635062 
100 |a 20221115d2022 k y0rusy50 ca 
101 0 |a rus 
102 |a RU 
105 |a y z 100zy 
135 |a drcn ---uucaa 
181 0 |a i  
182 0 |a b 
200 1 |a Анализ электроснабжения собственных нужд ГЭС мощностью 6400 МВт  |f В. В. Головкин, Н. М. Космынина  |g науч. рук. Н. М. Космынина 
203 |a Текст  |c электронный 
225 1 |a Энергосбережение, автоматизация объектов нефтегазовой промышленности 
300 |a Заглавие с экрана 
320 |a [Библиогр.: с. 103 (6 назв.)] 
461 1 |0 (RuTPU)RU\TPU\conf\36761  |t Проблемы геологии и освоения недр  |l Problems of Geology and Subsurface Development  |o труды XXVI Международного симпозиума имени академика М. А. Усова студентов и молодых учёных, посвященный 90-летию со дня рождения Н. М. Рассказова, 120-летию со дня рождения Л. Л. Халфина, 50-летию научных молодежных конференций имени академика М. А. Усова, Томск, 4-8 апреля 2022 г.  |o в 2 т.  |f Национальный исследовательский Томский политехнический университет, Инженерная школа природных ресурсов ; гл. ред. А. С. Боев ; под ред. Е. Ю. Пасечник  |d 2022 
463 1 |0 (RuTPU)RU\TPU\conf\36763  |t Т. 2  |v [С. 101-103]  |d 2022 
610 1 |a труды учёных ТПУ 
610 1 |a электронный ресурс 
610 1 |a электроснабжение 
610 1 |a собственные нужды 
610 1 |a ГЭС 
610 1 |a гидравлические электростанции 
610 1 |a автоматизация 
700 1 |a Головкин  |b В. В. 
701 1 |a Космынина  |b Н. М.  |c специалист в области электроэнергетики  |c доцент Томского политехнического университета, кандидат технических наук  |f 1953-  |g Нина Михайловна  |3 (RuTPU)RU\TPU\pers\26575  |9 12264 
702 1 |a Космынина  |b Н. М.  |c специалист в области электроэнергетики  |c доцент Томского политехнического университета, кандидат технических наук  |f 1953-  |g Нина Михайловна  |4 727 
712 0 2 |a Национальный исследовательский Томский политехнический университет  |b Инженерная школа энергетики  |b Отделение электроэнергетики и электротехники  |3 (RuTPU)RU\TPU\col\23505 
801 2 |a RU  |b 63413507  |c 20221205  |g RCR 
856 4 |u http://earchive.tpu.ru/handle/11683/74003 
942 |c BK